[Event "4. Torneo de Promoción C.A. Mar Menor"]
[Site "San Pedro del Pinatar ESP"]
[Date "2013.01.11"]
[Round "1.1"]
[White "Sanchez Botella, Luis Javier"]
[Black "Olmos Rosa, Fernando"]
[Result "1-0"]
[WhiteElo "2196"]
[BlackElo "1826"]
[PlyCount "69"]
[EventDate "2013.01.11"]
[EventType "swiss"]
[EventRounds "7"]
[EventCountry "ESP"]
[Source "lmi"]
[SourceDate "2013.01.11"]

1. Nf3 d5 2. c4 c6 3. d4 Nf6 4. Nc3 e6 5. Bg5 Be7 6. e3 Nbd7 7. Qc2 b6 8. cxd5
cxd5 9. Nb5 Bb4+ 10. Nd2 O-O 11. a3 Be7 12. Nc7 Rb8 13. Na6 Ra8 14. Bb5 Bb7 15.
O-O Rc8 16. Qa4 Nb8 17. Bxf6 gxf6 18. Nxb8 Rxb8 19. Qxa7 Qd6 20. Rac1 Kh8 21.
Rc3 e5 22. g3 Rg8 23. Rfc1 exd4 24. exd4 Rg4 25. Nf3 h5 26. Rc7 Rbg8 27. Qxb7
h4 28. Rc8 hxg3 29. Rxg8+ Rxg8 30. fxg3 Rxg3+ 31. Kf2 Rg8 32. Qd7 Qf4 33. Qh3+
Kg7 34. Rg1+ Kf8 35. Qc8+ 1-0

[Event "4. Torneo de Promoción C.A. Mar Menor"]
[Site "San Pedro del Pinatar ESP"]
[Date "2013.01.11"]
[Round "1.2"]
[White "Muñoz Nortes, Jose Antonio"]
[Black "Picazo Lopez, Juan Antonio"]
[Result "0-1"]
[WhiteElo "1793"]
[BlackElo "2170"]
[PlyCount "78"]
[EventDate "2013.01.11"]
[EventType "swiss"]
[EventRounds "7"]
[EventCountry "ESP"]
[Source "lmi"]
[SourceDate "2013.01.11"]

1. d4 d5 2. c4 c6 3. cxd5 cxd5 4. Nc3 Nc6 5. Nf3 Nf6 6. Bg5 Ne4 7. e3 Nxg5 8.
Nxg5 e5 9. Nf3 e4 10. Nd2 Be6 11. g3 Be7 12. h4 Qd7 13. Nb3 O-O 14. Nc5 Bxc5
15. dxc5 Rac8 16. Bb5 Qe7 17. Bxc6 bxc6 18. b4 f5 19. Ne2 g6 20. Qd4 h6 21. Qe5
Kf7 22. Nf4 Rfd8 23. Rd1 Qf6 24. Qxf6+ Kxf6 25. Rd4 Bf7 26. Kd2 a5 27. Kc3 Ra8
28. a4 Ke5 29. Rb1 axb4+ 30. Rbxb4 Ra5 31. Rb7 Kf6 32. Rb6 Rxc5+ 33. Kb4 Rc2
34. a5 g5 35. Kb3 Rxf2 36. Rxc6+ Ke5 37. hxg5 hxg5 38. Nh3 Rf3 39. Kb4 Rxg3 0-1

[Event "4. Torneo de Promoción C.A. Mar Menor"]
[Site "San Pedro del Pinatar ESP"]
[Date "2013.01.11"]
[Round "1.3"]
[White "Burriel, Carlos"]
[Black "Izquierdo Lopez, Jorge"]
[Result "1-0"]
[WhiteElo "2136"]
[BlackElo "1793"]
[PlyCount "57"]
[EventDate "2013.01.11"]
[EventType "swiss"]
[EventRounds "7"]
[EventCountry "ESP"]
[Source "lmi"]
[SourceDate "2013.01.11"]

1. d4 Nf6 2. c4 g6 3. Nc3 d5 4. Nf3 Bg7 5. cxd5 Nxd5 6. e4 Nxc3 7. bxc3 c5 8.
Rb1 O-O 9. Be2 Nc6 10. d5 Bxc3+ 11. Bd2 Bxd2+ 12. Qxd2 Nb8 13. Qh6 Qa5+ 14. Kf1
Qc3 15. e5 f6 16. h4 Bg4 17. d6 Bxf3 18. gxf3 Nc6 19. Rb3 Qxe5 20. h5 Qg5 21.
Bc4+ Kh8 22. Qxg5 fxg5 23. hxg6 h6 24. dxe7 Rfe8 25. Rxb7 Rxe7 26. Rxh6+ Kg7
27. Rh7+ Kf6 28. Rbxe7 Nxe7 29. Rf7+ 1-0

[Event "4. Torneo de Promoción C.A. Mar Menor"]
[Site "San Pedro del Pinatar ESP"]
[Date "2013.01.11"]
[Round "1.4"]
[White "Villalba Fernandez, Pedro David"]
[Black "Sabater Sanchez, Asensio"]
[Result "0-1"]
[WhiteElo "1742"]
[BlackElo "2127"]
[PlyCount "96"]
[EventDate "2013.01.11"]
[EventType "swiss"]
[EventRounds "7"]
[EventCountry "ESP"]
[Source "lmi"]
[SourceDate "2013.01.11"]

1. e4 c5 2. Nc3 Nc6 3. g3 g6 4. d3 Bg7 5. Be3 Nd4 6. Bg2 e6 7. Qd2 Ne7 8. Nge2
O-O 9. O-O d6 10. Rfc1 Qa5 11. Bxd4 cxd4 12. Nb1 Qb6 13. Na3 Qa6 14. Qb4 Nc6
15. Qxd6 Rd8 16. Qc5 Bd7 17. Qb5 Qxb5 18. Nxb5 a6 19. Nd6 Rab8 20. Nc4 b5 21.
Nd2 Rbc8 22. a3 Rc7 23. f4 f6 24. Nb3 e5 25. Nc5 Bc8 26. b4 Bf8 27. Nb3 Be6 28.
Rab1 Rdc8 29. c3 dxc3 30. Rxc3 Bg4 31. Rc2 Nd4 32. Nexd4 Rxc2 33. Nxc2 Rxc2 34.
h3 Be6 35. fxe5 fxe5 36. Kh2 Rc3 37. Nd2 Rxd3 38. Nf3 Bd6 39. Ra1 Bb3 40. Ng5
h6 41. Nf3 Kg7 42. g4 g5 43. h4 Bd1 44. Ne1 Rd2 45. hxg5 hxg5 46. Kg3 Bc7 47.
Rc1 Bb6 48. Rc6 Bf2+ 0-1

[Event "4. Torneo de Promoción C.A. Mar Menor"]
[Site "San Pedro del Pinatar ESP"]
[Date "2013.01.11"]
[Round "1.5"]
[White "Castilla Leon Salas, Carlos"]
[Black "Fernandez Alvarez, Luis"]
[Result "1-0"]
[WhiteElo "2127"]
[BlackElo "1727"]
[PlyCount "71"]
[EventDate "2013.01.11"]
[EventType "swiss"]
[EventRounds "7"]
[EventCountry "ESP"]
[Source "lmi"]
[SourceDate "2013.01.11"]

1. d4 d5 2. c4 e6 3. Nc3 Nf6 4. cxd5 exd5 5. Bg5 Nbd7 6. e3 c6 7. Bd3 Be7 8.
Qc2 O-O 9. Nge2 Re8 10. O-O h6 11. Bh4 Ne4 12. Bxe7 Qxe7 13. Bxe4 dxe4 14. d5
Nf6 15. dxc6 bxc6 16. Na4 Ba6 17. Rfe1 Bxe2 18. Rxe2 Rec8 19. Nc5 Rab8 20. Rc1
Qe5 21. h3 g5 22. Qc3 Qf5 23. Nb3 Qg6 24. Rd2 Nd5 25. Qc4 Kh7 26. Rd4 h5 27.
Rxe4 Rb4 28. Qa6 Qxe4 29. Qxc8 Nxe3 30. Qxc6 Qf4 31. fxe3 Qxe3+ 32. Kh1 g4 33.
Qc3 Qf4 34. Qd3+ Kg7 35. Rf1 Qb8 36. Qf5 1-0

[Event "4. Torneo de Promoción C.A. Mar Menor"]
[Site "San Pedro del Pinatar ESP"]
[Date "2013.01.11"]
[Round "1.6"]
[White "Caballero Frutos, Jose Alfredo"]
[Black "Barrios Muñoz, Rafael Carlos"]
[Result "0-1"]
[WhiteElo "1722"]
[BlackElo "2126"]
[PlyCount "48"]
[EventDate "2013.01.11"]
[EventType "swiss"]
[EventRounds "7"]
[EventCountry "ESP"]
[Source "lmi"]
[SourceDate "2013.01.11"]

1. d4 Nf6 2. c4 c5 3. d5 b5 4. cxb5 a6 5. bxa6 d6 6. Nc3 Bxa6 7. Nf3 g6 8. g3
Bg7 9. Bg2 O-O 10. O-O Qb6 11. Re1 Nbd7 12. Rb1 Rfb8 13. Qc2 c4 14. Be3 Qc7 15.
Bd4 Nc5 16. Bxc5 Qxc5 17. e4 Nd7 18. Bh3 Bc8 19. Bxd7 Bxd7 20. e5 Bf5 21. Qd2
Bxb1 22. Rxb1 dxe5 23. Ne4 Qa5 24. Qg5 Qxd5 0-1

[Event "4. Torneo de Promoción C.A. Mar Menor"]
[Site "San Pedro del Pinatar ESP"]
[Date "2013.01.11"]
[Round "1.7"]
[White "Rubio Tapia, Jose Juan"]
[Black "Gomez Maestro, Gustavo"]
[Result "1-0"]
[WhiteElo "2113"]
[BlackElo "1696"]
[PlyCount "57"]
[EventDate "2013.01.11"]
[EventType "swiss"]
[EventRounds "7"]
[EventCountry "ESP"]
[Source "lmi"]
[SourceDate "2013.01.11"]

1. d4 Nf6 2. c4 e6 3. Nf3 c5 4. d5 exd5 5. cxd5 d6 6. Nc3 g6 7. e4 Bg7 8. Bb5+
Nfd7 9. Bf4 Qe7 10. O-O a6 11. Bxd7+ Nxd7 12. a4 O-O 13. Nd2 Ne5 14. Qe2 Bd7
15. Ra3 Rab8 16. Rb3 Rfc8 17. Rb6 f5 18. exf5 Bxf5 19. Nde4 Re8 20. Re1 Rbd8
21. Bg5 Qc7 22. Bxd8 Rxd8 23. a5 Bg4 24. f3 Bf5 25. g4 Bc8 26. Ng5 Qe7 27. f4
Bxg4 28. Qxg4 h6 29. Qe6+ 1-0

[Event "4. Torneo de Promoción C.A. Mar Menor"]
[Site "San Pedro del Pinatar ESP"]
[Date "2013.01.11"]
[Round "1.8"]
[White "Verdu Cutillas, Daniel"]
[Black "Verdaguer Muntanya, Marc"]
[Result "0-1"]
[WhiteElo "1694"]
[BlackElo "2111"]
[PlyCount "102"]
[EventDate "2013.01.11"]
[EventType "swiss"]
[EventRounds "7"]
[EventCountry "ESP"]
[Source "lmi"]
[SourceDate "2013.01.11"]

1. e4 c5 2. Nf3 Nc6 3. c3 Nf6 4. e5 Nd5 5. Bc4 Nb6 6. Bb5 a6 7. Bxc6 dxc6 8. d4
cxd4 9. cxd4 Bg4 10. Be3 e6 11. O-O Be7 12. Nbd2 Nd5 13. h3 Bh5 14. Re1 O-O 15.
a3 Qd7 16. Nf1 Rfd8 17. Ng3 Bg6 18. Rc1 a5 19. h4 h6 20. h5 Bh7 21. Qd2 Bf8 22.
Ne2 Be4 23. Nh2 Qe7 24. Nc3 Bh7 25. Nxd5 Rxd5 26. Qe2 Qh4 27. Qg4 Qxg4 28. Nxg4
Bf5 29. Nh2 Ra6 30. g4 Bh7 31. Re2 Rb6 32. f4 Rb3 33. a4 Bd3 34. Rd2 Bb4 35.
Rf2 Be4 36. Nf1 Bd3 37. Nh2 Ba6 38. Rf3 Rxb2 39. g5 hxg5 40. fxg5 Bd2 41. Bxd2
Rxd2 42. h6 R2xd4 43. hxg7 Rxe5 44. Rh3 Rxg5+ 45. Kf2 Rf5+ 46. Kg1 Rxa4 47. Rg3
Be2 48. Rb1 Rb4 49. Re1 Bh5 50. Kh1 Bg6 51. Ng4 Kxg7 0-1

[Event "4. Torneo de Promoción C.A. Mar Menor"]
[Site "San Pedro del Pinatar ESP"]
[Date "2013.01.11"]
[Round "1.9"]
[White "Fabre Massana, Miquel"]
[Black "Aledo Yanguas, Javier"]
[Result "1/2-1/2"]
[WhiteElo "2110"]
[BlackElo "1669"]
[PlyCount "125"]
[EventDate "2013.01.11"]
[EventType "swiss"]
[EventRounds "7"]
[EventCountry "ESP"]
[Source "lmi"]
[SourceDate "2013.01.11"]

1. e4 c6 2. d4 d5 3. exd5 cxd5 4. c4 Nc6 5. Nc3 Nf6 6. Nf3 Bg4 7. Be2 e6 8. c5
Be7 9. O-O O-O 10. h3 Bf5 11. Bf4 Ne4 12. Rc1 Nxc3 13. Rxc3 Bf6 14. Re1 Rc8 15.
a3 Be4 16. Ne5 Nxe5 17. dxe5 Be7 18. b4 b6 19. Qd4 bxc5 20. bxc5 Qa5 21. Rec1
a6 22. Be3 Rc6 23. Bd1 Rb8 24. Qa4 Rb5 25. Qxa5 Rxa5 26. a4 f6 27. f4 g5 28. g3
h5 29. Bd4 Kg7 30. Kf2 h4 31. fxg5 fxg5 32. Bb3 Bf5 33. g4 Be4 34. Ke3 Kf7 35.
Kd2 Bg6 36. Be3 Ke8 37. Bd1 Kd8 38. Rb3 Kc8 39. Rb6 Kc7 40. Rc3 Bxc5 41. Bxc5
Raxc5 42. Rxc6+ Kxc6 43. Rf3 Kd7 44. Rf6 Be8 45. Rf8 d4 46. Be2 Ra5 47. Rg8
Rxa4 48. Rxg5 Ke7 49. Rg7+ Bf7 50. Rh7 Ra5 51. g5 Kf8 52. Bd3 Ra2+ 53. Ke1 Rg2
54. Rxh4 Rxg5 55. Rxd4 Rxe5+ 56. Kf2 a5 57. Kf3 Rd5 58. Rxd5 exd5 59. Ke3 Be6
60. Kd4 Ke7 61. h4 Kf6 62. Bc2 Kg7 63. Bb3 1/2-1/2

[Event "4. Torneo de Promoción C.A. Mar Menor"]
[Site "San Pedro del Pinatar ESP"]
[Date "2013.01.11"]
[Round "1.10"]
[White "Andres Zamorano, Cayo"]
[Black "Donado-Mazarron Gomez, Miguel"]
[Result "0-1"]
[WhiteElo "1666"]
[BlackElo "2104"]
[PlyCount "86"]
[EventDate "2013.01.11"]
[EventType "swiss"]
[EventRounds "7"]
[EventCountry "ESP"]
[Source "lmi"]
[SourceDate "2013.01.11"]

1. e4 c5 2. Nf3 d6 3. d4 cxd4 4. Nxd4 Nf6 5. Nc3 a6 6. Bg5 e6 7. Bc4 b5 8. Be2
Bb7 9. Bxb5+ axb5 10. Ndxb5 Be7 11. f3 O-O 12. Bxf6 gxf6 13. Qd2 Qb6 14. O-O-O
Ba6 15. Qd4 Qxd4 16. Rxd4 Bxb5 17. Nxb5 Rxa2 18. Kb1 Ra6 19. Rhd1 Nc6 20. R4d3
Rfa8 21. Ra3 Rxa3 22. Nxa3 Kf8 23. Nb5 Rb8 24. Nc3 Ke8 25. f4 Kd7 26. g4 Rb4
27. Rd3 Bf8 28. h4 Na7 29. g5 fxg5 30. hxg5 Bg7 31. e5 d5 32. Ne2 Re4 33. Rd2
h6 34. gxh6 Bxh6 35. b3 Nb5 36. Kb2 Rxe5 37. c4 Nc7 38. Kc3 Re3+ 39. Kb4 Bf8+
40. Ka4 Kc6 41. cxd5+ Nxd5 42. Nd4+ Kb6 43. Nb5 Re4+ 0-1

[Event "4. Torneo de Promoción C.A. Mar Menor"]
[Site "San Pedro del Pinatar ESP"]
[Date "2013.01.11"]
[Round "2.1"]
[White "Lopez Garcia, Francisco Andres"]
[Black "Sanchez Botella, Luis Javier"]
[Result "1-0"]
[WhiteElo "1992"]
[BlackElo "2196"]
[PlyCount "68"]
[EventDate "2013.01.11"]
[EventType "swiss"]
[EventRounds "7"]
[EventCountry "ESP"]
[Source "lmi"]
[SourceDate "2013.01.11"]

1. e4 c5 2. Nf3 e6 3. d4 cxd4 4. Nxd4 a6 5. Nd2 Ne7 6. Bd3 Nbc6 7. Nxc6 Nxc6 8.
O-O Be7 9. Nf3 O-O 10. Be3 b5 11. a4 b4 12. Nd2 d5 13. exd5 exd5 14. Nb3 Bf6
15. Rb1 Re8 16. Qh5 g6 17. Qh6 Ne5 18. Be2 Bg4 19. f3 Bd7 20. Nc5 Bf5 21. Bxa6
Rxa6 22. Nxa6 Nc4 23. Bf4 Qb6+ 24. Kh1 Qxa6 25. Rfe1 Rc8 26. Rbd1 Nxb2 27. Rxd5
Bxc2 28. Rd6 Qa7 29. Rxf6 Nd3 30. Be3 Qe7 31. Qh4 Re8 32. Re2 Bd1 33. Bc5 Qxe2
34. Rxg6+ hxg6 1-0

[Event "4. Torneo de Promoción C.A. Mar Menor"]
[Site "San Pedro del Pinatar ESP"]
[Date "2013.01.11"]
[Round "2.2"]
[White "Picazo Lopez, Juan Antonio"]
[Black "Pol Plazas, Pedro"]
[Result "1-0"]
[WhiteElo "2170"]
[BlackElo "1978"]
[PlyCount "65"]
[EventDate "2013.01.11"]
[EventType "swiss"]
[EventRounds "7"]
[EventCountry "ESP"]
[Source "lmi"]
[SourceDate "2013.01.11"]

1. d4 d5 2. c4 e6 3. cxd5 exd5 4. Nc3 Nf6 5. Bg5 Be7 6. e3 O-O 7. Qc2 c6 8. Bd3
h6 9. Bh4 a5 10. Nge2 Na6 11. a3 b5 12. O-O b4 13. Na4 Bd6 14. Bg3 Bb7 15. Rfc1
Rc8 16. Bxd6 Qxd6 17. Nc5 Nxc5 18. dxc5 Qe5 19. axb4 axb4 20. Ra4 Rb8 21. Rxb4
Ba8 22. Rd4 h5 23. h3 g5 24. Ng3 g4 25. hxg4 Nxg4 26. Qc3 Qg5 27. Bf5 Nf6 28.
Bb1 Rfe8 29. b4 Re6 30. Nf5 Ne4 31. Bxe4 Rxe4 32. Rxe4 dxe4 33. Qe5 1-0

[Event "4. Torneo de Promoción C.A. Mar Menor"]
[Site "San Pedro del Pinatar ESP"]
[Date "2013.01.11"]
[Round "2.3"]
[White "Sevillano Garcia, Joaquin"]
[Black "Burriel, Carlos"]
[Result "0-1"]
[WhiteElo "1983"]
[BlackElo "2136"]
[PlyCount "48"]
[EventDate "2013.01.11"]
[EventType "swiss"]
[EventRounds "7"]
[EventCountry "ESP"]
[Source "lmi"]
[SourceDate "2013.01.11"]

1. Nf3 Nf6 2. g3 b6 3. Bg2 Bb7 4. O-O c5 5. c4 g6 6. Nc3 Bg7 7. d3 O-O 8. Bg5
h6 9. Bd2 Qc7 10. Nb5 Qc8 11. Bc3 a6 12. Na3 d5 13. cxd5 Bxd5 14. Nc4 Nbd7 15.
Ne3 Be6 16. Rc1 Qb7 17. b4 Rfd8 18. bxc5 Nxc5 19. Nc4 Bd5 20. Qc2 Rac8 21. Qb1
Nxd3 22. exd3 Bxf3 23. Bxf3 Qxf3 24. Qxb6 Nd5 0-1

[Event "4. Torneo de Promoción C.A. Mar Menor"]
[Site "San Pedro del Pinatar ESP"]
[Date "2013.01.11"]
[Round "2.4"]
[White "Sabater Sanchez, Asensio"]
[Black "Borja Perez, Jose"]
[Result "1-0"]
[WhiteElo "2127"]
[BlackElo "1958"]
[PlyCount "121"]
[EventDate "2013.01.11"]
[EventType "swiss"]
[EventRounds "7"]
[EventCountry "ESP"]
[Source "lmi"]
[SourceDate "2013.01.11"]

1. e4 e5 2. Bc4 d6 3. Nf3 Be7 4. O-O Nf6 5. Re1 O-O 6. c3 c6 7. d4 Nbd7 8. a4
a5 9. Nbd2 h6 10. Nf1 Re8 11. Ng3 Nb6 12. Ba2 Qc7 13. Be3 Bf8 14. dxe5 dxe5 15.
Nh4 Be6 16. Bxe6 Rxe6 17. Nhf5 Nc4 18. Bc1 Rd8 19. Qb3 Nd6 20. Be3 c5 21. f3
Kh7 22. Rad1 g6 23. Nxd6 Rexd6 24. Nf1 c4 25. Qc2 Rd3 26. Rd2 Bc5 27. Rxd3 cxd3
28. Qf2 Bxe3 29. Nxe3 Qc6 30. Ra1 Kg7 31. g3 h5 32. Kg2 d2 33. Rd1 Rd3 34. Qe2
Rd6 35. Nc4 Re6 36. b3 b5 37. Nxa5 Qxc3 38. Qxd2 Qxd2+ 39. Rxd2 bxa4 40. bxa4
Ra6 41. Nc4 Rxa4 42. Nxe5 Ra5 43. Nc4 Rc5 44. Ne3 Ne8 45. f4 Nf6 46. e5 Ne8 47.
Rd7 Nc7 48. Kf3 Rc3 49. Ke4 Ne6 50. Ra7 Rc1 51. f5 gxf5+ 52. Nxf5+ Kg6 53. Nd6
Re1+ 54. Kd5 Rd1+ 55. Kc6 Rc1+ 56. Kd7 Re1 57. Ke7 Rxe5 58. Nxf7 Re2 59. Ra6
Kf5 60. Nh6+ Kg5 61. h4+ 1-0

[Event "4. Torneo de Promoción C.A. Mar Menor"]
[Site "San Pedro del Pinatar ESP"]
[Date "2013.01.11"]
[Round "2.5"]
[White "Garcia Gonzalez, Judit"]
[Black "Castilla Leon Salas, Carlos"]
[Result "0-1"]
[WhiteElo "1975"]
[BlackElo "2127"]
[PlyCount "82"]
[EventDate "2013.01.11"]
[EventType "swiss"]
[EventRounds "7"]
[EventCountry "ESP"]
[Source "lmi"]
[SourceDate "2013.01.11"]

1. e4 c5 2. Nf3 d6 3. d4 cxd4 4. Nxd4 Nf6 5. Nc3 g6 6. f3 Bg7 7. Be3 O-O 8. Qd2
Nc6 9. O-O-O d5 10. Kb1 Nxd4 11. Bxd4 dxe4 12. fxe4 Be6 13. Be2 Rc8 14. Qe3 Qa5
15. a3 a6 16. h4 h5 17. Rhf1 b5 18. Bb6 Rxc3 19. Qd4 Qa4 20. Qxa4 bxa4 21. bxc3
Nxe4 22. Bxa6 Nxc3+ 23. Kc1 Nxd1 24. Rxd1 Bf6 25. g3 Be5 26. Rd3 Rb8 27. Rd8+
Rxd8 28. Bxd8 Kf8 29. Bb5 Bxg3 30. Bxa4 Bxh4 31. Bc6 Bg3 32. a4 Bc8 33. c4 h4
34. Kd2 h3 35. Ke3 h2 36. a5 f5 37. Bg2 e5 38. Bc7 Ke7 39. Kf3 Bf4 40. Bb6 Bb7+
41. Kf2 h1=Q 0-1

[Event "4. Torneo de Promoción C.A. Mar Menor"]
[Site "San Pedro del Pinatar ESP"]
[Date "2013.01.11"]
[Round "2.6"]
[White "Barrios Muñoz, Rafael Carlos"]
[Black "Armesto Martin, Sebastian"]
[Result "0-1"]
[WhiteElo "2126"]
[BlackElo "1945"]
[PlyCount "42"]
[EventDate "2013.01.11"]
[EventType "swiss"]
[EventRounds "7"]
[EventCountry "ESP"]
[Source "lmi"]
[SourceDate "2013.01.11"]

1. d4 Nf6 2. Bg5 Ne4 3. Bf4 e6 4. f3 Nf6 5. e4 Nh5 6. Be3 d5 7. Nc3 Bb4 8. e5
f5 9. g4 fxg4 10. fxg4 O-O 11. gxh5 Bxc3+ 12. bxc3 Qh4+ 13. Kd2 Qe4 14. Qe2
Qxh1 15. Bg2 Qxh2 16. h6 g6 17. Nf3 Qg3 18. Rg1 Qg4 19. Rh1 b6 20. Qf2 Ba6 21.
Rh4 Qf5 0-1

[Event "4. Torneo de Promoción C.A. Mar Menor"]
[Site "San Pedro del Pinatar ESP"]
[Date "2013.01.11"]
[Round "2.7"]
[White "Lopez Heras, Santiago"]
[Black "Rubio Tapia, Jose Juan"]
[Result "1-0"]
[WhiteElo "1955"]
[BlackElo "2113"]
[PlyCount "59"]
[EventDate "2013.01.11"]
[EventType "swiss"]
[EventRounds "7"]
[EventCountry "ESP"]
[Source "lmi"]
[SourceDate "2013.01.11"]

1. e4 e5 2. Nf3 Nf6 3. Nc3 Bb4 4. Bc4 O-O 5. O-O Nc6 6. d4 exd4 7. Nxd4 Bxc3 8.
bxc3 Nxe4 9. Qh5 g6 10. Qh6 d5 11. Bd3 Qf6 12. Nb5 Be6 13. Nxc7 Rac8 14. Ba3
Rfd8 15. Nxe6 fxe6 16. Bxe4 dxe4 17. Qe3 Ne5 18. Qxe4 Nc4 19. Bc1 Nd2 20. Bxd2
Rxd2 21. Qxb7 Rxc3 22. Qxa7 Rcxc2 23. Rab1 Rb2 24. Rxb2 Qxb2 25. a4 e5 26. a5
Qc3 27. a6 Ra2 28. h3 Qd4 29. Qb7 e4 30. Qb3+ 1-0

[Event "4. Torneo de Promoción C.A. Mar Menor"]
[Site "San Pedro del Pinatar ESP"]
[Date "2013.01.11"]
[Round "2.8"]
[White "Verdaguer Muntanya, Marc"]
[Black "Delgado Lozano, Jose Manuel"]
[Result "1/2-1/2"]
[WhiteElo "2111"]
[BlackElo "1935"]
[PlyCount "81"]
[EventDate "2013.01.11"]
[EventType "swiss"]
[EventRounds "7"]
[EventCountry "ESP"]
[Source "lmi"]
[SourceDate "2013.01.11"]

1. e4 c6 2. d4 d5 3. Nc3 dxe4 4. Nxe4 Nd7 5. Nf3 Ngf6 6. Ng3 e6 7. Bd3 Bd6 8.
Qe2 O-O 9. Bg5 Qc7 10. O-O-O c5 11. Kb1 a6 12. Ne4 Nxe4 13. Qxe4 g6 14. dxc5
Nxc5 15. Qh4 f5 16. Rhe1 b5 17. Bf6 Bb7 18. Ne5 Ne4 19. Bxe4 Bxe4 20. Nd3 Rac8
21. c3 b4 22. f3 Bd5 23. Bd4 Qa5 24. Nc1 bxc3 25. Bxc3 Rxc3 26. bxc3 Qxc3 27.
Qd4 Rb8+ 28. Nb3 Qxd4 29. Rxd4 Bxh2 30. Ra4 Bxb3 31. axb3 Rxb3+ 32. Kc2 Rb6 33.
Rea1 Be5 34. R1a2 Rc6+ 35. Kd1 Kf7 36. Rxa6 Rxa6 37. Rxa6 h5 38. Ke2 Bg3 39.
Ke3 g5 40. Kd4 Kf6 41. Ra8 1/2-1/2

[Event "4. Torneo de Promoción C.A. Mar Menor"]
[Site "San Pedro del Pinatar ESP"]
[Date "2013.01.11"]
[Round "2.10"]
[White "Gonzalez Del Campo, Diego"]
[Black "Jimenez De La Torre, Jose A"]
[Result "0-1"]
[WhiteElo "1942"]
[BlackElo "2101"]
[PlyCount "40"]
[EventDate "2013.01.11"]
[EventType "swiss"]
[EventRounds "7"]
[EventCountry "ESP"]
[Source "lmi"]
[SourceDate "2013.01.11"]

1. d4 Nf6 2. c4 c5 3. d5 b5 4. Qc2 d6 5. e4 bxc4 6. Bxc4 g6 7. Nc3 Bg7 8. f4
Nbd7 9. Nf3 O-O 10. a4 Nb6 11. Bb5 a6 12. Bc6 Rb8 13. a5 Nc4 14. Qa4 Nxb2 15.
Bxb2 Rxb2 16. Ra2 Nxe4 17. Nxe4 Rb1+ 18. Kf2 Rxh1 19. Qc2 Bf5 20. Ng1 Bd4+ 0-1

[Event "4. Torneo de Promoción C.A. Mar Menor"]
[Site "San Pedro del Pinatar ESP"]
[Date "2013.01.12"]
[Round "3.1"]
[White "Sanchez Botella, Luis Javier"]
[Black "Soto Diaz, Jose Antonio"]
[Result "1-0"]
[WhiteElo "2196"]
[BlackElo "2047"]
[PlyCount "109"]
[EventDate "2013.01.11"]
[EventType "swiss"]
[EventRounds "7"]
[EventCountry "ESP"]
[Source "lmi"]
[SourceDate "2013.01.11"]

1. Nf3 d5 2. c4 e6 3. d4 Nf6 4. Nc3 Be7 5. Bg5 a6 6. e3 Nbd7 7. Qc2 O-O 8. a3
Re8 9. Rd1 Nf8 10. Ne5 Ng6 11. Bd3 dxc4 12. Bxc4 Nd5 13. Bxe7 Ndxe7 14. O-O b5
15. Ba2 Bb7 16. Ne4 Bd5 17. Bb1 f6 18. Nf3 Rc8 19. Nc5 Bxf3 20. gxf3 Qd5 21.
Qe4 Nc6 22. Qxd5 exd5 23. Bf5 Nh4 24. Bxc8 Rxc8 25. Nxa6 Na5 26. Kh1 Nxf3 27.
Kg2 Nh4+ 28. Kh3 Nf3 29. Kg3 Ng5 30. Nb4 c6 31. Nc2 Ne4+ 32. Kg2 Nc4 33. b3 Na5
34. Rd3 f5 35. f3 Nd6 36. Rc3 Kf7 37. Nb4 Ke6 38. Rfc1 Kd7 39. Nd3 Nf7 40. h4
Nb7 41. Nb4 Na5 42. Nxd5 Kd6 43. Nf4 h6 44. h5 Ng5 45. Kf2 Rb8 46. Nd3 Rb6 47.
Ne5 Ne6 48. b4 Nc4 49. Rxc4 bxc4 50. Nxc4+ Kc7 51. Nxb6 Kxb6 52. Rc5 f4 53. Re5
fxe3+ 54. Kxe3 Nc7 55. Ke4 1-0

[Event "4. Torneo de Promoción C.A. Mar Menor"]
[Site "San Pedro del Pinatar ESP"]
[Date "2013.01.12"]
[Round "3.2"]
[White "Aledo Lopez, Angel"]
[Black "Picazo Lopez, Juan Antonio"]
[Result "0-1"]
[WhiteElo "2058"]
[BlackElo "2170"]
[PlyCount "110"]
[EventDate "2013.01.11"]
[EventType "swiss"]
[EventRounds "7"]
[EventCountry "ESP"]
[Source "lmi"]
[SourceDate "2013.01.11"]

1. Nf3 d5 2. c4 c6 3. d4 Nf6 4. Nc3 a6 5. e3 b5 6. cxd5 cxd5 7. Bd3 Bg4 8. h3
Bxf3 9. Qxf3 e6 10. O-O Be7 11. e4 dxe4 12. Nxe4 Nbd7 13. Bf4 O-O 14. Rac1 Qb6
15. Rc7 Rad8 16. Rb7 Qxd4 17. Rd1 Nxe4 18. Bxe4 Ne5 19. Rxd4 Nxf3+ 20. Bxf3
Rxd4 21. Be3 Bf6 22. Bxd4 Bxd4 23. a4 bxa4 24. Rb4 Rd8 25. Rxa4 g6 26. Rxa6
Bxb2 27. Ra8 Rxa8 28. Bxa8 h5 29. Kf1 Kg7 30. Ke2 Bd4 31. Bc6 f5 32. f4 h4 33.
Kf3 Kf6 34. Bd7 Bc5 35. Bc8 Bb4 36. Bd7 Bd2 37. g4 hxg3 38. Kxg3 g5 39. fxg5+
Bxg5 40. Bc6 Bd2 41. Kf3 Be1 42. Kf4 e5+ 43. Kf3 Kg5 44. Bd7 e4+ 45. Ke3 Kf6
46. Bc6 Ke5 47. Bd7 f4+ 48. Ke2 Bh4 49. Bc6 f3+ 50. Kf1 Kf4 51. Bb7 e3 52. Ba6
Kg3 53. Bd3 Kxh3 54. Bb5 Kg3 55. Bc4 Kf4 0-1

[Event "4. Torneo de Promoción C.A. Mar Menor"]
[Site "San Pedro del Pinatar ESP"]
[Date "2013.01.12"]
[Round "3.3"]
[White "Burriel, Carlos"]
[Black "Hostalet Ferrer, Pedro Enrique"]
[Result "1/2-1/2"]
[WhiteElo "2136"]
[BlackElo "2032"]
[PlyCount "105"]
[EventDate "2013.01.11"]
[EventType "swiss"]
[EventRounds "7"]
[EventCountry "ESP"]
[Source "lmi"]
[SourceDate "2013.01.11"]

1. d4 d5 2. c4 e6 3. Nc3 Nf6 4. cxd5 exd5 5. Bg5 Nbd7 6. e3 Be7 7. Bd3 O-O 8.
Nge2 c6 9. Qc2 Re8 10. O-O Nf8 11. Rab1 Nh5 12. Bxe7 Qxe7 13. b4 a6 14. a4 Nf6
15. Ng3 g6 16. b5 axb5 17. axb5 c5 18. dxc5 Qxc5 19. Nge2 Ne6 20. Rfd1 Bd7 21.
Qb3 Kg7 22. Rbc1 Qa3 23. Qb1 Nc5 24. Bc2 Bg4 25. Rd4 Ne6 26. Rd2 Rec8 27. h3
Bxe2 28. Nxe2 Qa2 29. Rcd1 Qxb1 30. Bxb1 Rc5 31. Rb2 Ra5 32. Bd3 Ne4 33. Rc1 b6
34. f3 Rxc1+ 35. Nxc1 N4c5 36. Bf1 d4 37. exd4 Nxd4 38. Ra2 Rxa2 39. Nxa2 Kf6
40. Kf2 Ke5 41. Bc4 f6 42. Nb4 Nce6 43. Nd5 Nxb5 44. Nxb6 Nbc7 45. Nd7+ Kd4 46.
Bxe6 Nxe6 47. Nxf6 h5 48. h4 Ke5 49. Ne4 Kf5 50. Ke3 Nf4 51. g3 Ne6 52. Kd3 Ke5
53. Kc4 1/2-1/2

[Event "4. Torneo de Promoción C.A. Mar Menor"]
[Site "San Pedro del Pinatar ESP"]
[Date "2013.01.12"]
[Round "3.4"]
[White "Moreno Valle, Agustin"]
[Black "Sabater Sanchez, Asensio"]
[Result "1-0"]
[WhiteElo "2046"]
[BlackElo "2127"]
[PlyCount "51"]
[EventDate "2013.01.11"]
[EventType "swiss"]
[EventRounds "7"]
[EventCountry "ESP"]
[Source "lmi"]
[SourceDate "2013.01.11"]

1. e4 c5 2. Nf3 Nc6 3. Bd3 e5 4. c3 Nf6 5. Bc2 d5 6. d3 Be7 7. Nbd2 Bg4 8. O-O
O-O 9. Re1 d4 10. Nf1 Ne8 11. Ng3 Nd6 12. Bb3 Kh8 13. h3 Bd7 14. Bd5 f6 15. Bd2
Qc8 16. Rc1 dxc3 17. bxc3 b6 18. d4 exd4 19. cxd4 Nb7 20. Nf5 Bxf5 21. exf5 Bd6
22. Nh4 Ne7 23. Rxe7 Bxe7 24. Qh5 h6 25. Bxh6 Qe8 26. Ng6+ 1-0